Statistiques concernant Les 20 villes les plus peuplées au bord de la Seine

Cliquez ici pour prendre le quiz!

Statistiques générales

  • Ce quiz a été pris 68 fois
  • Le résultat moyen est 11 sur 20

Statistiques - réponses

PopulationVille% Correct
2 220 445Paris
100%
172 807 / Seine-MaritimeLe Havre
93%
110 618 / Seine-MaritimeRouen
89%
110 733 / Seine-Saint-DenisSaint-Denis
83%
60 750 / AubeTroyes
74%
116 927 / Hauts-de-SeineBoulogne-Billancourt
70%
93 509 / Hauts-de-SeineNanterre
70%
52 349 / EssonneÉvry
61%
108 865 / Val-d'OiseArgenteuil
56%
62 075 / Hauts-de-SeineNeuilly-sur-Seine
50%
84 658 / Hauts-deSeineCourbevoie
50%
91 188 / Val-de-MarneVitry-sur-Seine
46%
65 374 / Hauts-de-SeineLevallois-Perret
44%
84 392 / Hauts-de-SeineColombes
41%
86 799 / Hauts-de-SeineAsnières-sur-Seine
41%
59 793 / Val-de-MarneIvry-sur-Seine
37%
79 204 / Hauts-de-SeineRueil-Malmaison
33%
51 747 / EssonneCorbeil-Essonnes
24%
55 157 / Seine-Saint-DenisÉpinay-sur-Seine
22%
59 783 / Hauts-de-SeineClichy-la-Garenne
19%

Distribution des résultats

Percentile par nombre de réponses

% des personnes avec chaque résultat

Votre développement - résultats

Vous n’avez pas pris ce quiz